00920nam a2200193 a 450000100100000000500170001000800410002704000250006808200150009310000320010824501490014026000360028930000210032550400730034659000750041970000290049495201860052399900170070900003543220200930074334.0111031s1953 ag 000 0 spa d aDO-SdBNPbspacBNPHU axxxxbxxxx1 aGavrilov, Konstantin96126513aEl psicoanalisis a la luz de la reflexología :benfoques biologicos de la psicología profunda /cKonstantin Gavrilov ; prólogo Juan Dalma. aBuenos Aires, :bPaidos,c1953. a377 p. ;c21 cm. aIncluye referencias bibliográficas y notas al pie de las páginas aPerteneció a la biblioteca personal de Juan Isidro Jimenes Grullón1 aDalma, Juan,etr.961266 001050718RVaGRbGRcHDd2011-10-31iLF1l0oxxxx xxxxp35432-10r2020-06-25w2020-06-25y1zPerteneció a la biblioteca personal de Juan Isidro Jimenes Grullón.ZNo se presta c34923d34923